000 00747nam a2200265 i 4500
001 C2-0327242
003 PPAK
005 20180728124918.0
008 140603s2014 my a|||| ||||| | may d
020 _a9789835966798
040 _aPPAK
_beng
_cPPAK
_erda
082 0 4 _a330.076
_223
090 0 0 _a330.076
_bTHE
_dR
100 1 _aTheng, Kock Leing,
_eauthor
245 1 0 _aEkonomi asas
264 1 _aPetaling Jaya, Selangor :
_bSasbadi ,
_c2014
300 _a384 pages :
_bcolour illustrations ;
_c26 cm
336 _2rdacontent
_atext
337 _2rdamedia
_aunmediated
338 _2rdacarrier
_avolume
490 1 _aNexus tuntas SPM
650 1 0 _aEconomic - Problems, exercises, etc.
830 0 _aNexus tuntas SPM
942 _ddc
_cB
999 _c126807
_d126807